| Поле | Инд. | ПП | Название | Значение |
|---|---|---|---|---|
| Тип записи | a | |||
| Библиографический уровень | b | |||
| 001 | Контрольный номер | RU/IS/BASE/148579091 | ||
| 005 | Дата корректировки | 20200601191453.5 | ||
| 084 | a | Индекс другой классификации/Индекс ББК | 60.51(4Гем)6 | |
| a | Индекс другой классификации/Индекс ББК | 66.1(4Гем)5-194 | ||
| a | Индекс другой классификации/Индекс ББК | 66.60 | ||
| a | Индекс другой классификации/Индекс ББК | 60.561.3 | ||
| 100 | 1_ | a | Автор | Железняк Н. Н. |
| 100 | 1_ | a | Автор | Моргайлик М. А. |
| 245 | a | Заглавие | Организационная структура партии в политической социологии К. Маркса и М. Вебера | |
| 504 | a | Библиография | Библиогр. ссылки | |
| 520 | a | Аннотация | В статье дан сравнительный анализ некоторых аспектов партийной теории К. Маркса и М. Вебера | |
| 600 | a | Персоналии | Вебер Макс | |
| a | Персоналии | Маркс Карл | ||
| 650 | a | Основная рубрика | история политических учений | |
| a | Основная рубрика | история социологии | ||
| a | Основная рубрика | политика | ||
| a | Основная рубрика | политическая социология | ||
| a | Основная рубрика | политические партии | ||
| a | Основная рубрика | социология | ||
| 653 | a | Ключевые слова | XIX век | |
| a | Ключевые слова | XX век | ||
| a | Ключевые слова | классификация политических партий | ||
| a | Ключевые слова | организация политической партии | ||
| a | Ключевые слова | политико-социологические теории | ||
| a | Ключевые слова | сравнительная социология | ||
| 773 | t | Заглавие источника | Вестник Московского университета. Серия 18, Социология и политология | |
| d | Дата издания источника | 2001 | ||
| g | Прочая информация | № 3. - С. 147 - 161 | ||
| w | Контрольный № источника | RU/IS/BASE/148578725 | ||
| 901 | t | Тип документа | b |